000 00395cam a22001454a 4500
020 _a0829814213 (pbk. : alk. paper)
041 _aENG
082 0 0 _a264.05834
_bMIT
100 1 _aMitman, F. Russell.
245 1 0 _aWorship in the shape of Scripture
260 _aCleveland, Ohio :
_bPilgrim Press,
_c2001.
300 _ax, 165 p. :
_bmusic ;
650 0 _aLiturgics
_aPublic worship
942 _cBK
999 _c22472
_d22472